000 00631cam a22002413a 4500
001 19887
003 PGUSA
005 20140828083424.0
008 061121s2006||||xxu|||||s|||||000 1 eng d
040 _aPGUSA
_beng
042 _adc
050 4 _aPQ
100 1 _aSerao, Matilde,
_d1856-1927
245 1 0 _aDal vero
_h[electronic resource] /
_cMatilde Serao
260 _bProject Gutenberg,
_c2006
506 _aPublic domain in the USA.
516 _aElectronic text
653 _aShort stories
653 _aFiction
830 0 _aProject Gutenberg
_v19887
856 4 0 _uhttp://www.gutenberg.org/ebooks/19887
942 _cEB
999 _c249142
_d249142